| 000 | 00729cam a2200205 i 4500 | ||
|---|---|---|---|
| 005 | 20251207103248.0 | ||
| 008 | 250721r2007 ue gr 000 0 ara d | ||
| 082 | 1 | 4 |
_a214.5 _bع ن ب |
| 100 | 1 |
_aعنبوه، مصطفى محمد _eمؤلف. |
|
| 245 | 1 | 0 |
_aلن ندخل النار في ضوء الكتاب و السنة / _cتاليف مصطفى محمد محمد عنبوه. |
| 264 | 3 | 1 |
_aالمنصورة : _bمكتبة الإيمان، _c2007. |
| 300 | _a256 صفحة. | ||
| 650 | 1 | 7 | _aالعقيدة الإسلامية. |
| 650 | 1 | 7 | _aالإسلام. |
| 650 | 1 | 7 | _aالقرآن الكريم. |
| 650 | 1 | 7 | _aالحديث الشريف. |
| 650 | 1 | 7 | _aجهنم. |
| 942 |
_2ddc _cBK |
||
| 999 |
_c106621 _d106621 |
||